[Event "SLO-chT U20"]
[Site "Murska Sobota"]
[Date "2007.08.25"]
[Round "1"]
[White "Filip, Matej"]
[Black "Volf, Ziga"]
[Result "1-0"]
[WhiteElo "2050"]
[BlackElo "2203"]
[PlyCount "49"]
[EventDate "2007.08.25"]
[EventType "team-swiss"]
[EventRounds "9"]
[EventCountry "SLO"]
[SourceTitle "CBM 120 Extra"]
[Source "ChessBase"]
[SourceDate "2007.11.01"]
[SourceVersion "1"]
[SourceVersionDate "2007.11.01"]
[SourceQuality "1"]

1. d4 d5 2. c4 e6 3. Nc3 c6 4. Nf3 Nf6 5. Bg5 h6 6. Bh4 dxc4 7. e4 g5 8. Bg3 b5 9. Be2 Bb7 10. h4 g4 11. Ne5 h5 12. 0-0 Nbd7 13. Qc2 a6 14. Rad1 Nxe5 15. Bxe5 Rh6 16. f3 Qb6 17. fxg4 Nxg4 18. Bxg4 hxg4 19. Qf2 Rh7 20. Bf6 Be7 21. Bxe7 Kxe7 22. e5 g3 23. Qxg3 c5 24. d5 Bxd5 25. Rxd5 1-0

[Event "SLO-ch qual"]
[Site "Ljubljana"]
[Date "2007.07.14"]
[Round "8"]
[White "Filip, Matej"]
[Black "Sitnik, Igor"]
[Result "0-1"]
[WhiteElo "2050"]
[BlackElo "2226"]
[PlyCount "78"]
[EventDate "2007.07.05"]
[EventType "swiss"]
[EventRounds "9"]
[EventCountry "SLO"]
[SourceTitle "EXT 2010"]
[Source "ChessBase"]
[SourceDate "2010.11.25"]
[SourceVersion "1"]
[SourceVersionDate "2010.11.25"]
[SourceQuality "1"]

1. d4 d5 2. c4 e6 3. Nc3 Be7 4. cxd5 exd5 5. Bf4 Nf6 6. e3 0-0 7. Bd3 c6 8. Qc2 Nbd7 9. Nf3 Re8 10. 0-0 Nf8 11. a3 a5 12. Rab1 Ne6 13. b4 Nxf4 14. exf4 axb4 15. axb4 b5 16. Ne5 Qb6 17. Ne2 Bb7 18. g4 g6 19. h4 Ne4 20. f3 Nd6 21. h5 Bf6 22. hxg6 hxg6 23. Bxg6 Bxe5 24. Bh7+ Kg7 25. fxe5 Rxe5 26. Rf2 Re3 27. Kg2 Raa3 28. Rh1 Qd8 29. Qc5 Qe7 30. Ng3 Bc8 31. Bb1 Bxg4 32. Nh5+ Bxh5 33. Rxh5 Re2 34. Qc1 Qe3 35. Rh7+ Kf8 36. Rh8+ Ke7 37. Qxe3+ Raxe3 38. Rxe2 Rxe2+ 39. Kg3 Rb2 0-1

[Event "SLO-ch qual"]
[Site "Ljubljana"]
[Date "2007.07.08"]
[Round "5"]
[White "Filip, Matej"]
[Black "Bajt, Indira"]
[Result "0-1"]
[WhiteElo "2050"]
[BlackElo "2224"]
[PlyCount "48"]
[EventDate "2007.07.05"]
[EventType "swiss"]
[EventRounds "9"]
[EventCountry "SLO"]
[SourceTitle "EXT 2010"]
[Source "ChessBase"]
[SourceDate "2010.11.25"]
[SourceVersion "1"]
[SourceVersionDate "2010.11.25"]
[SourceQuality "1"]

1. d4 c5 2. d5 e5 3. e4 d6 4. Bd3 g6 5. c4 Bg7 6. Nc3 Ne7 7. f4 f5 8. fxe5 Bxe5 9. Nf3 Bg7 10. 0-0 0-0 11. Ng5 Na6 12. Bf4 Nc7 13. Qe1 h6 14. Ne6 Bxe6 15. dxe6 g5 16. Bd2 f4 17. Nd5 Nxe6 18. e5 dxe5 19. Qe4 Rf7 20. b4 Qd6 21. bxc5 Nxc5 22. Qh7+ Kf8 23. Bb4 e4 24. Nxe7 Bd4+ 0-1